Prví doma /
Uloženo v:
| Hlavní autor: | |
|---|---|
| Další autoři: | |
| Médium: | Kniha |
| Jazyk: | Slovak |
| Vydáno: |
Bratislava :
Pravda : Naše vojsko,
1984
|
| Vydání: | I. vydanie |
| Edice: | Členská knižnica Pravda
|
| Témata: | |
| Celkem bylo vypůjčeno: | 0x |
| Tagy: |
Žádné tagy |
| LEADER | 02989nam a2200649 i 4500 | ||
|---|---|---|---|
| 001 | 98681 | ||
| 003 | CZ PrSKC | ||
| 005 | 20221115095007.0 | ||
| 007 | ta | ||
| 008 | 800318s1984 xo abcfe 000 0aslo | ||
| 040 | |a ABA001 |b cze |c ABA001 |d ABA001 |d PAG001 |e rda | ||
| 041 | 1 | |a slo |h cze | |
| 072 | 7 | |a 355/359 |x Vojenství. Obrana země. Ozbrojené síly |2 Konspekt |9 15 | |
| 072 | 7 | |a 929 |x Biografie |2 Konspekt |9 8 | |
| 080 | |a 358.4-051 |2 MRF | ||
| 080 | |a 929 |2 MRF | ||
| 080 | |a 355.469 |2 MRF | ||
| 080 | |a 355.48(100)"1939/1945" |2 MRF | ||
| 080 | |a 94(100)"1939/1945" |2 MRF | ||
| 080 | |a 323.25/.26:329.18 |2 MRF | ||
| 080 | |a (437) |2 MRF | ||
| 080 | |a (47+57) |2 MRF | ||
| 080 | |a (437.6) |2 MRF | ||
| 080 | |a (0:82-94) |2 MRF | ||
| 100 | 1 | |a Fajtl, František, |d 1912-2006 |7 jk01030702 |4 aut |9 12618 | |
| 240 | 1 | 0 | |a První doma. |l Slovensky |
| 245 | 1 | 0 | |a Prví doma / |c František Fajtl ; z českého originálu První doma ... přeložila Mária Korbellová |
| 250 | |a I. vydanie | ||
| 264 | 1 | |a Bratislava : |b Pravda : |b Naše vojsko, |c 1984 | |
| 300 | |a 284 stran, 16 nečíslovaných stran obrazových příloh : |b ilustrace, mapy, portréty ; |c 21 cm | ||
| 336 | |a text |b txt |2 rdacontent | ||
| 337 | |a bez média |b n |2 rdamedia | ||
| 338 | |a svazek |b nc |2 rdacarrier | ||
| 490 | 1 | |a Členská knižnica Pravda | |
| 500 | |a 16 000 výtisků | ||
| 500 | |a Přehled bojových výsledků 1. československého samostatného stíhacího leteckého pluku | ||
| 610 | 1 | 4 | |a Československo. |7 olak2002112599 |2 czenas |b Armáda. |9 113692 |b Československá smíšená letecká divize, 1. |
| 648 | 7 | |a 1939-1945 |7 ch460653 |2 czenas |9 52982 | |
| 650 | 0 | 7 | |a vojenští letci |7 ph127212 |y 1939-1945 |z Československo |2 czenas |
| 650 | 0 | 7 | |a vojenští letci |7 ph127212 |y 1939-1945 |z Sovětský svaz |2 czenas |
| 650 | 0 | 7 | |a letecké operace |7 ph115129 |y 1939-1945 |z Slovensko |2 czenas |
| 650 | 0 | 7 | |a druhá světová válka (1939-1945) |7 ph117270 |2 czenas |9 1065 |
| 650 | 0 | 7 | |a protifašistický odboj |7 ph115901 |2 czenas |
| 650 | 0 | 9 | |a military air pilots |y 1939-1945 |z Slovakia |2 eczenas |
| 650 | 0 | 9 | |a military air pilots |y 1939-1945 |z Soviet Union |2 eczenas |
| 650 | 0 | 9 | |a aerial operations |y 1939-1945 |z Slovakia |2 eczenas |
| 650 | 0 | 9 | |a World War (1939-1945) |2 eczenas |
| 650 | 0 | 9 | |a anti-fascist movements |2 eczenas |
| 653 | 0 | |a 1. československý samostatný stíhací letecký pluk v SSSR |a Slovensko |a Sovětský svaz |a druhá světová válka |a letecké operace |a protifašistický odboj |a vojenské oparace |a vojenští letci |a vojenští piloti |a autobiografie |a vzpomínky | |
| 655 | 7 | |a autobiografické vzpomínky |7 fd131854 |2 czenas |9 53458 | |
| 655 | 9 | |a autobiographical reminiscences |2 eczenas | |
| 700 | 1 | |a Korbellová, Mária |7 xx0107961 |4 trl |9 113693 | |
| 830 | 0 | |a Členská knižnica Pravda | |
| 910 | |a UOG502 | ||
| 942 | |2 ddc |c KN | ||
| 999 | |d 98681 | ||
| 993 | |0 0 |1 421180099067 |2 ddc |4 0 |6 355_359000000000000 |7 0 |9 88503 |b 0 |c 99067 |d 2022-11-15 |e 0 |f SKLAD |g 355/359 |h 30.00 |i jiné |l SKLAD |r 2022-11-23 |t 5 |w 2022-11-15 |y KN |z NAUCNA | ||